000 00922nac a22002651u 4500
010 _a98664100
022 0 _a1090-9117
035 _a(OCoLC)ocm35571904
082 1 0 _a378.166205
090 _c7143
_d7143
100 _a20080729
245 0 0 _aGRE : CD /
_cby the staff of Kaplan Educational Centers.
246 1 _aKaplan
246 1 _aGraduate record exam
246 1 _aKaplan GRE
260 _aNew York, NY :
_bSimon & Schuster,1997
_cc1997-
300 _f1 CD-Rom ( 4 3/4 in.)
500 _adistributer: Al-Ahram
500 _aAudiovisuals
511 _aCatalogued by: Sara
650 0 _aGraduate Record Examination
_vStudy guides
_vPeriodicals.
710 2 _aKaplan Educational Centers (Firm : New York, N.Y.)
942 _cCDB
_k378.166205
999 _c7143
_d7143